Obálka
Pro půjčování e-knih musíte být přihlášeni.
Jak si půjčit online?

Pohádky

Uloženo v:
Hlavní autor: Erben, Karel Jaromír, 1811-1870 (Autor)
Korporace: Soubor orffovských nástrojů, Severáček (pěvecký sbor)
Další autoři: Lukáš, Zdeněk, 1928-2007 (Autor), Svátek, Josef, 1906-1976 (Skladatel), Höger, Karel, 1909-1977 (Režisér), Jurkovič, Pavel, 1933-2015 (Vypravěč pohádek (anekdot)), Uherková, Jiřina, 1930-1989 (Dirigent), Uherek, Milan, 1925-2012 (Dirigent), Hlaváček, Libor, 1926-1990 (Dirigent)
Médium: E-audiokniha
Jazyk:Czech
Vydáno: Praha : Supraphon, p2008
Témata:
Tagy:
Žádné tagy
LEADER 02578nim a2200541 a 4500
001 313245
003 CZ PrSKC
005 20260601215738.0
007 sd fsngnnmmnee
008 090218p20081972xr nnn j z cze
015 |a cnb001857065 
024 1 |a 099925591229 
028 0 1 |a SU 5912-2  |b Supraphon 
040 |a ABA001  |b cze 
072 7 |a 821.162.3  |x Česká literatura  |2 Konspekt 
072 7 |a 821-93  |x Literatura pro děti a mládež (beletrie)  |2 Konspekt 
080 |a 821.162.3-34  |2 MRF 
080 |a (086.7.053.2)  |2 MRF 
080 |a (086.76)  |2 MRF 
100 1 |a Erben, Karel Jaromír,  |d 1811-1870  |7 jk01030532  |4 aut 
245 1 0 |a Pohádky  |h [zvukový záznam] /  |c Karel Jaromír Erben 
260 |a Praha :  |b Supraphon,  |c p2008 
300 |a 2 zvukové desky (63:27; 61:39)  |b digital ;  |c 12 cm 
306 |a 010327  |a 010139 
500 |a Hudba Zdeněk Lukáš 
500 |a Původní fonogram p1972 Supraphon 
500 |a Kompaktní desky (AAD) 
505 0 0 |t Pták Ohnivák a liška Ryška --  |t Dlouhý, Široký a Bystrozraký --  |t Živá voda --  |t O Zlatovlásce --  |t Hrnečku, vař! --  |t Tři zlaté vlasy děda Vševěda --  |t O třech přadlenách --  |t Otesánek 
508 |a Režie Josef Svátek 
511 0 |a Vypráví Karel Höger ; Soubor orffovských nástrojů, řídí Pavel Jurkovič, Dětský pěvecký sbor Severáček, řídí Jiřina a Milan Uherkovi, Komorní orchestr, řídí Libor Hlaváček 
518 |a Nahráno v pražském studiu Lucerna a Domovina 
655 7 |a české pohádky  |7 fd133970  |2 czenas 
655 7 |a zvukové záznamy pro děti a mládež  |7 fd186726  |2 czenas 
655 7 |a kompaktní disky  |7 fd201991  |2 czenas 
700 1 |a Lukáš, Zdeněk,  |d 1928-2007  |7 jn19981001776  |4 cmp 
700 1 |a Svátek, Josef,  |d 1906-1976  |7 xx0077012  |4 drt 
700 1 |a Höger, Karel,  |d 1909-1977  |7 jk01041587  |4 stl 
700 1 |a Jurkovič, Pavel,  |d 1933-2015  |7 jn20000710114  |4 cnd 
700 1 |a Uherková, Jiřina,  |d 1930-1989  |7 ola2002149178  |4 cnd 
700 1 |a Uherek, Milan,  |d 1925-2012  |7 jn99240001216  |4 cnd 
700 1 |a Hlaváček, Libor,  |d 1926-1990  |7 jn20000400965  |4 cnd 
710 2 |a Soubor orffovských nástrojů 
710 2 |a Severáček (pěvecký sbor)  |7 xx0010655 
900 |a ABA001  |b 16 
044 |a xr 
910 |a RBIT002 
998 |d 401277  |a https://core.palmknihy.cz/api/books/401277/cover?sbrzg2  |b https://core.palmknihy.cz/api/books/401277/cover/400?sbrzg2  |c https://core.palmknihy.cz/api/books/401277/cover/50?sbrzg2  |e 2099-01-01  |i 099925591229  |l 7502  |q 49  |r 1  |s https://www.palmknihy.cz/kniha/401277  |t audiobook  |y 2008  |z 0 
999 |d 313243